Pacific Northwest ferns and their allies / (Record no. 10773)
[ view plain ]
| 000 -CABECERA | |
|---|---|
| campo de control de longitud fija | 00780cam a2200229 a 4500 |
| 001 - NÚMERO DE CONTROL | |
| campo de control | 000011041 |
| 005 - FECHA Y HORA DE LA ÚLTIMA TRANSACCIÓN | |
| campo de control | 20200929162339.0 |
| 008 - DATOS DE LONGITUD FIJA--INFORMACIÓN GENERAL | |
| campo de control de longitud fija | 700923s1970 xxcab b 001 0 eng d |
| 020 ## - NÚMERO INTERNACIONAL ESTÁNDAR DEL LIBRO | |
| Número Internacional Estándar del Libro | 0802052274 |
| 040 ## - FUENTE DE LA CATALOGACIÓN | |
| Centro catalogador/agencia de origen | DO-SdBNP |
| Centro/agencia transcriptor | DLC |
| Centro/agencia modificador | DLC |
| -- | BNPHU |
| 043 ## - CÓDIGO DE ÁREA GEOGRÁFICA | |
| Código de área geográfica | n-cn-bc |
| -- | n-us-ak |
| 082 ## - NÚMERO DE LA CLASIFICACIÓN DECIMAL DEWEY | |
| Número de clasificación | nnnn |
| Número de documento/Ítem | T238p |
| 049 ## - FONDOS LOCALES (OCLC) | |
| Fondos de biblioteca | BNGR |
| 100 1# - ENTRADA PRINCIPAL--NOMBRE DE PERSONA | |
| Nombre de persona | Taylor, Thomas M. C., |
| Forma completa/desarrollada del nombre | (Mayne Cunninghame) |
| Fechas asociadas al nombre | 1904- |
| 9 (RLIN) | 26497 |
| 245 10 - MENCIÓN DE TÍTULO | |
| Título | Pacific Northwest ferns and their allies / |
| Mención de responsabilidad, etc. | Thomas M. C. Taylor. |
| 260 ## - PUBLICACIÓN, DISTRIBUCIÓN, ETC. | |
| Lugar de publicación, distribución, etc. | Toronto : |
| Nombre del editor, distribuidor, etc. | University of British Columbia ; |
| -- | University of Toronto Press, |
| Fecha de publicación, distribución, etc. | 1970. |
| 300 ## - DESCRIPCIÓN FÍSICA | |
| Extensión | 247, [1] p. : |
| Otras características físicas | illus., maps. ; |
| Dimensiones | 25 cm. |
| 504 ## - NOTA DE BIBLIOGRAFÍA, ETC. | |
| Nota de bibliografía, etc. | Bibliography: p. [242]-244. |
| 500 ## - NOTA GENERAL | |
| Nota general | Incluyed index |
| 650 #0 - PUNTO DE ACCESO ADICIONAL DE MATERIA--TÉRMINO DE MATERIA | |
| Término de materia o nombre geográfico como elemento de entrada | Ferns |
| Subdivisión geográfica | Northwest, Pacific. |
| 9 (RLIN) | 26498 |
| 910 ## - DATOS DE OPCIÓN DEL USUARIO (OCLC) | |
| Datos de opción del usuario | Catalogación derivada |
| Estado de retiro | Estado de pérdida | Restricciones de uso | No para préstamo | Código de colección | Localización permanente | Ubicación/localización actual | Ubicación en estantería | Fecha de adquisición | Número de inventario | Total de préstamos | Signatura topográfica completa | Código de barras | Fecha visto por última vez | Precio válido a partir de | Tipo de ítem Koha |
|---|---|---|---|---|---|---|---|---|---|---|---|---|---|---|---|
| Préstamo interno | Monografías: Libros y Folletos | General | General | En catalogación | 13.10.2009 | LF1 | nnnn T238p | 11041-10 | 25.06.2020 | 25.06.2020 | Préstamo interno |
